Palmarès de la Jupiler Pro League - Statistiques

Statistiques générales
  • Ce quiz a été pris 294 fois
  • Le résultat moyen est 9 sur 16
Statistiques - réponses
Clubs Titre(s) % Correct
RSC Anderlecht 34
99%
Standard de Liège 10
88%
KRC Genk 4
86%
Royal Union Saint-Gilloise 11
83%
Club Bruges 19
81%
KAA La Gantoise 1
75%
Royal Antwerp 5
73%
RFC Liège 5
58%
FC Malines 4
56%
Cercle Bruges 3
54%
RWD Molenbeek 1
40%
Lierse SK 4
37%
K Beerschot 7
33%
KSK Beveren 2
28%
Daring Club de Bruxelles 5
26%
Racing Club de Bruxelles 6
25%
Aucun quiz correspondant
Distribution des résultats
% des personnes avec chaque résultat
Percentile par nombre de réponses
Votre historique - résultats
Vous n’avez pas pris ce quiz